000 00589cab a2200217 4500
001 WB2642-09
008 090401t1990 xxu||||| |||| 00| 0 eng d
035 _a(Sirsi) u2812
041 _aeng
245 _aUniversities sell off property
260 _c1990
350 _a0
490 _aTimes
_v22/10/90 p7
520 _aThe sale of property assets are helping universities to reduce their debts.
650 _aCAPITAL ASSETS
650 _aEDUCATIONAL INSTITUTIONS
650 _aUNIVERSITIES FUNDING COUNCIL
690 _aECONOMIC AND SOCIAL
942 _n0
948 _c04/03/1997
999 _c1692
_d1692